Law Office Management for Paralegals (Record no. 692)

MARC details
005 - DATE AND TIME OF LATEST TRANSACTION
control field 20250315084653.0
020 ## - INTERNATIONAL STANDARD BOOK NUMBER
International Standard Book Number 978-0-07-337694-3
082 ## - DEWEY DECIMAL CLASSIFICATION NUMBER
Classification number 340.068 SCH
100 ## - MAIN ENTRY--PERSONAL NAME
Author name SCHAFFER, L.
245 ## - TITLE STATEMENT
Title Law Office Management for Paralegals
260 ## - PUBLICATION, DISTRIBUTION, ETC.
Place of publication, distribution, etc. Nwe York,
Name of publisher, distributor, etc. Mc Graw-Hill,
Date of publication, distribution, etc. 2009.
300 ## - PHYSICAL DESCRIPTION
Extent xvi, 288p.: ill.; figure.
Other physical details Index.
Dimensions 28cm.
700 ## - ADDED ENTRY--PERSONAL NAME
Other authors/Editors WIETECKI, A.
856 ## - ELECTRONIC LOCATION AND ACCESS
Link text Access online book
Electronic name Law
Path www.mhhe.com
942 ## - ADDED ENTRY ELEMENTS (KOHA)
Source of classification or shelving scheme Dewey Decimal Classification
Koha item type Books
Holdings
Date last seen Total checkouts Full call number Barcode Cost, replacement price Price effective from Koha item type Lost status Source of classification or shelving scheme Damaged status Not for loan Withdrawn status Home library Current library Shelving location Date acquired Cost, normal purchase price
03/15/2025   340.068 SCH 0000002754 90000.00 03/15/2025 Books   Dewey Decimal Classification       College of Business Education Main Library College of Business Education Main Library General Collection 03/15/2025 30000.00
03/15/2025   340.068 SCH 0000002755 90000.00 03/15/2025 Books   Dewey Decimal Classification       College of Business Education Main Library College of Business Education Main Library General Collection 03/15/2025 30000.00
03/15/2025   340.068 SCH 0000002756 90000.00 03/15/2025 Books   Dewey Decimal Classification       College of Business Education Main Library College of Business Education Main Library General Collection 03/15/2025 30000.00
03/15/2025   340.068 SCH 0000002757 90000.00 03/15/2025 Books   Dewey Decimal Classification       College of Business Education Main Library College of Business Education Main Library General Collection 03/15/2025 30000.00
03/15/2025   340.068 SCH 0000002758 90000.00 03/15/2025 Books   Dewey Decimal Classification       College of Business Education Main Library College of Business Education Main Library General Collection 03/15/2025 30000.00
03/15/2025   340.068 SCH 0000002759 90000.00 03/15/2025 Books   Dewey Decimal Classification       College of Business Education Main Library College of Business Education Main Library General Collection 03/15/2025 30000.00